000
00281nam a2200121Ia 4500
008
220204s9999 xx 000 0 und d
082
_a
65(035)
_b
BUL
100
_a
Bull, G
245
0
_a
Director's handbook
250
_a
Ed.2
260
_a
New York
_b
McGraw Hill
_c
1977
942
_c
BK
999
_c
28426
_d
28426